Fußballer nach Land #3 - Statistiken

Allgemein
  • Dieses Quiz wurde 475 mal gespielt
  • Das Durchschnittsergebnis liegt bei 14 aus 18
Antwortstatistiken
Spieler Land % Korrekt
Cristiano Ronaldo Portugal
100%
Marco van Basten Niederlände
95%
Kasper Schmeichel Dänemark
93%
Timo Werner Deutschland
92%
Romelu Lukaku Belgien
88%
Olivier Giroud Frankreich
88%
Andrea Pirlo Italien
87%
Xherdan Shaqiri Schweiz
86%
Ivan Perisić Kroatien
85%
David De Gea Spanien
84%
Raheem Sterling Vereinigtes Königreich
69%
Michael Laudrup Dänemark
68%
Gareth Bale Vereinigtes Königreich
65%
Sławomir Peszko Polen
61%
Andrei Arschawin Russland
61%
Yerry Mina Kolumbien
57%
Mbaye Niang Senegal
50%
Karim Ansarifard Iran
30%
Keine übereinstimmenden Quizze gefunden
Verteilung der Resultate
Anzahl Personen mit jedem Resultat
Perzentil nach korrekt beantworteten Fragen
Ihre Resultats-Entwicklung
Sie haben dieses Quiz noch nicht gespielt